| 000 -LEADER |
| fixed length control field |
03559cam a22004577a 4500 |
| 001 - CONTROL NUMBER |
| control field |
8565254 |
| 003 - CONTROL NUMBER IDENTIFIER |
| control field |
OSt |
| 005 - DATE AND TIME OF LATEST TRANSACTION |
| control field |
20220110153405.0 |
| 006 - FIXED-LENGTH DATA ELEMENTS--ADDITIONAL MATERIAL CHARACTERISTICS |
| fixed length control field |
m d |
| 007 - PHYSICAL DESCRIPTION FIXED FIELD--GENERAL INFORMATION |
| fixed length control field |
cr n |
| 008 - FIXED-LENGTH DATA ELEMENTS--GENERAL INFORMATION |
| fixed length control field |
091119s2011 enka sb 001 0 eng d |
| 015 ## - NATIONAL BIBLIOGRAPHY NUMBER |
| National bibliography number |
GBB056381 |
| Source |
bnb |
| 016 7# - NATIONAL BIBLIOGRAPHIC AGENCY CONTROL NUMBER |
| Record control number |
015541788 |
| Source |
Uk |
| 020 ## - INTERNATIONAL STANDARD BOOK NUMBER |
| International Standard Book Number |
9781848829343 (hbk.) |
| 035 ## - SYSTEM CONTROL NUMBER |
| System control number |
(WaSeSS)ssj0000446373 |
| 038 ## - RECORD CONTENT LICENSOR |
| Staff Name |
Khadija |
| 040 ## - CATALOGING SOURCE |
| Original cataloging agency |
UKM |
| Transcribing agency |
UKM |
| Modifying agency |
BTCTA |
| -- |
YDXCP |
| -- |
HEBIS |
| -- |
CDX |
| -- |
OIP |
| -- |
MUU |
| -- |
WRM |
| -- |
WEA |
| -- |
WSL |
| -- |
DLC |
| -- |
WaSeSS |
| 042 ## - AUTHENTICATION CODE |
| Authentication code |
lccopycat |
| 050 #4 - LIBRARY OF CONGRESS CALL NUMBER |
| Classification number |
TA1634 |
| Item number |
.S97 2011 |
| 050 #4 - LIBRARY OF CONGRESS CALL NUMBER |
| Classification number |
TA1634 |
| 082 04 - DEWEY DECIMAL CLASSIFICATION NUMBER |
| Classification number |
006.37 |
| Edition number |
22 |
| Author Mark |
SZE |
| 100 1# - MAIN ENTRY--PERSONAL NAME |
| Personal name |
Szeliski, Richard, |
| Dates associated with a name |
1958- |
| 9 (RLIN) |
87712 |
| 210 10 - ABBREVIATED TITLE |
| Abbreviated title |
Computer Vision / |
| 245 10 - TITLE STATEMENT |
| Title |
Computer vision : |
| Remainder of title |
algorithms and applications / |
| Statement of responsibility, etc. |
Richard Szeliski. |
| 260 ## - PUBLICATION, DISTRIBUTION, ETC. |
| Place of publication, distribution, etc. |
London ; |
| -- |
New York : |
| Name of publisher, distributor, etc. |
Springer, |
| Date of publication, distribution, etc. |
c2011. |
| 490 1# - SERIES STATEMENT |
| Series statement |
Texts in computer science |
| 504 ## - BIBLIOGRAPHY, ETC. NOTE |
| Bibliography, etc. note |
Includes bibliographical references (p. [691]-792) and index. |
| 505 00 - FORMATTED CONTENTS NOTE |
| Title |
Introduction. |
| -- |
What is computer vision? ; |
| -- |
A brief history ; |
| -- |
Book overview ; |
| -- |
Sample syllabus ; |
| -- |
Notation -- |
| -- |
Image formation. |
| -- |
Geometric primitives and transformations ; |
| -- |
Photometric image formation ; |
| -- |
The digital camera -- |
| -- |
Image processing. |
| -- |
Point operators ; |
| -- |
Linear filtering ; |
| -- |
More neighborhood operators ; |
| -- |
Fourier transforms ; |
| -- |
Pyramids and wavelets ; |
| -- |
Geometric transformations ; |
| -- |
Global optimization -- |
| -- |
Feature detection and matching. |
| -- |
Points and patches ; |
| -- |
Edges ; |
| -- |
Lines -- |
| -- |
Segmentation. |
| -- |
Active contours ; |
| -- |
Split and merge ; |
| -- |
Mean shift and mode finding ; |
| -- |
Normalized cuts ; |
| -- |
Graph cuts and energy-based methods -- |
| -- |
Feature-based alignment. |
| -- |
2D and 3D feature-based alignment ; |
| -- |
Pose estimation ; |
| -- |
Geometric intrinsic calibration -- |
| -- |
Structure from motion. |
| -- |
Triangulation ; |
| -- |
Two-frame structure from motion ; |
| -- |
Factorization ; |
| -- |
Bundle adjustment ; |
| -- |
Constrained structure and motion -- |
| -- |
Dense motion estimation. |
| -- |
Translational alignment ; |
| -- |
Parametric motion ; |
| -- |
Spline-based motion ; |
| -- |
Optical flow ; |
| -- |
Layered motion -- |
| -- |
Image stitching. |
| -- |
Motion models ; |
| -- |
Global alignment ; |
| -- |
Compositing -- |
| -- |
Computational photography. |
| -- |
Photometric calibration ; |
| -- |
High dynamic range imaging ; |
| -- |
Super-resolution and blur removal ; |
| -- |
Image matting and compositing ; |
| -- |
Texture analysis and synthesis -- |
| -- |
Stereo correspondence. |
| -- |
Epipolar geometry ; |
| -- |
Sparse correspondence ; |
| -- |
Dense correspondence ; |
| -- |
Local methods ; |
| -- |
Global optimization ; |
| -- |
Multi-view stereo -- |
| -- |
3D reconstruction. |
| -- |
Shape from X ; |
| -- |
Active rangefinding ; |
| -- |
Surface representations ; |
| -- |
Point-base representations ; |
| -- |
Volumetric representations ; |
| -- |
Model-based reconstruction ; |
| -- |
Recovering texture maps and albedos -- |
| -- |
Image-based rendering. |
| -- |
View interpolation ; |
| -- |
Layered depth images ; |
| -- |
Light fields and Lumigraphs ; |
| -- |
Environment mattes ; |
| -- |
Video-base rendering -- |
| -- |
Recognition. |
| -- |
Object detection ; |
| -- |
Face recognition ; |
| -- |
Instance recognition ; |
| -- |
Category recognition ; |
| -- |
Context and scene understanding ; |
| -- |
Recognition databases and test sets. |
| 506 ## - RESTRICTIONS ON ACCESS NOTE |
| Terms governing access |
License restrictions may limit access. |
| 563 ## - BINDING INFORMATION |
| Binding note |
HB |
| 650 #0 - SUBJECT ADDED ENTRY--TOPICAL TERM |
| Topical term or geographic name entry element |
Computer vision. |
| 9 (RLIN) |
87713 |
| 650 #0 - SUBJECT ADDED ENTRY--TOPICAL TERM |
| Topical term or geographic name entry element |
Image processing. |
| 9 (RLIN) |
87714 |
| 650 #0 - SUBJECT ADDED ENTRY--TOPICAL TERM |
| Topical term or geographic name entry element |
Computer algorithms. |
| 9 (RLIN) |
87715 |
| 650 07 - SUBJECT ADDED ENTRY--TOPICAL TERM |
| Topical term or geographic name entry element |
Bildverarbeitung. |
| Source of heading or term |
swd |
| 9 (RLIN) |
87716 |
| 650 07 - SUBJECT ADDED ENTRY--TOPICAL TERM |
| Topical term or geographic name entry element |
Maschinelles Sehen. |
| Source of heading or term |
swd |
| 9 (RLIN) |
87717 |
| 773 #0 - HOST ITEM ENTRY |
| Title |
SpringerLink ebooks - Computer Science (2011) |
| 830 #0 - SERIES ADDED ENTRY--UNIFORM TITLE |
| Uniform title |
Texts in computer science. |
| 9 (RLIN) |
87718 |
| 856 40 - ELECTRONIC LOCATION AND ACCESS |
| Uniform Resource Identifier |
<a href="http://www.columbia.edu/cgi-bin/cul/resolve?clio8565254">http://www.columbia.edu/cgi-bin/cul/resolve?clio8565254</a> |
| Public note |
Full text available from SpringerLink ebooks - Computer Science (2011) |
| 910 ## - USER-OPTION DATA (OCLC) |
| User-option data |
Library of Congress record |
| 942 ## - ADDED ENTRY ELEMENTS (KOHA) |
| Source of classification or shelving scheme |
|
| Koha item type |
Book |